[Event "Assiut op 5th"]
[Site "Assiut"]
[Date "2009.08.07"]
[Round "4"]
[White "Shehata, Aly"]
[Black "Mohsen, Beter"]
[Result "1-0"]
[WhiteElo "2147"]
[BlackElo "1903"]
[PlyCount "53"]
[EventDate "2009.08.04"]
[EventType "swiss"]
[EventRounds "9"]
[EventCountry "EGY"]
[SourceTitle "EXT 2010"]
[Source "ChessBase"]
[SourceDate "2010.11.25"]
[SourceVersion "1"]
[SourceVersionDate "2010.11.25"]
[SourceQuality "1"]

1. e4 e6 2. Qe2 Ne7 3. Nf3 d5 4. d3 c5 5. Ng5 Nbc6 6. Qh5 g6 7. Qf3 f5 8. c3 Bg7 9. Na3 0-0 10. Qh3 h6 11. Nf3 fxe4 12. dxe4 dxe4 13. Nd2 e5 14. Qe3 b6 15. Nxe4 Nf5 16. Bc4+ Kh7 17. Qe2 Nd6 18. Bd5 Bb7 19. h4 Nf5 20. Ng5+ hxg5 21. hxg5+ Bh6 22. Qe4 Qd7 23. g4 Nfe7 24. Rxh6+ Kg7 25. Rh7+ Kxh7 26. Qh1+ Kg7 27. Qh6# 1-0